000 00423nam a2200181Ia 4500
005 20240823030247.0
008 240823s9999||||xx |||||||||||||| ||und||
041 _aENGLISH
082 _A616.99249 N0
100 _aAliev D A [etal]
245 0 _aTreatment of Breast Tumours
250 _a1st
260 _c1990
_b"Mir,Moscow"
500 _aTransfered
650 _aDisease
_bGeneral
942 _cBK
999 _c188273
_d188273